000 03048nam0a2200445 4500
001 RU\NLR\bibl\912522
005 20260405170726.0
010 _a5-93119-156-9
_9200
021 _aRU
_b2005-83897
_94147
035 _a(nilc)RSL-KNO-002795176
035 _a(NLR Aleph) 000900857
090 _a1774337
_c1774337
100 _a20051220d2005 |||y0rusy50 ca
101 0 _arus
102 _aRU
105 _aa |||||||||
106 _ar
200 1 _aРазмножение и выращивание древесных растений в Читинской области
_fВ. П. Бобринев, Л. Н. Пак
_gпод науч. ред. Л. И. Локоть
_gИн-т природ. ресурсов, экологии и криологии, Сиб. отд-ние, Рос. акад. наук
210 _aЧита
_cПоиск
_d2005
215 _a377, [2] с., [12] л. цв. ил.
_cил., карт.
_d21
300 _aНа 4-й с. обл. авт.: кандидаты сел.-хоз. наук Бобринев В.П., Пак Л.Н.
320 _aБиблиогр.: с. 362-365
606 1 _aДревесные породы
_xКультура
_yЧитинская область
_92416830
_3RU\NLR\auth\661439579
610 0 _aСельское и лесное хозяйство. Сельскохозяйственные и лесохозяйственные науки -- Лесное хозяйство. Лесохозяйственные науки -- Морфология и анатомия лесных пород
610 0 _aСельское и лесное хозяйство. Сельскохозяйственные и лесохозяйственные науки -- Лесное хозяйство. Лесохозяйственные науки -- Лесные культуры
610 0 _aСельское и лесное хозяйство. Сельскохозяйственные и лесохозяйственные науки -- Российская Федерация -- Читинская область -- Лесное хозяйство. Лесохозяйственные науки
610 0 _aСельское и лесное хозяйство. Сельскохозяйственные и лесохозяйственные науки -- Защита растений -- Защита леса от вредителей, болезней и вредных метеорологиеских факторов
686 _aП326,0
_2rubbk
686 _aП346,0
_2rubbk
686 _aП496,0
_2rubbk
686 _aП9(2Р54-4Чи)3,0
_2rubbk
686 _aП346.4(2Р54-4Чи)
700 1 _4070
_7ca
_8rus
_aБобринев
_bВ. П.
_f1935-
_gВиктор Петрович
_955382
_3RU\NLR\auth\7772454
701 1 _4070
_7ca
_8rus
_aПак
_bЛ. Н.
_cканд. с.-х. наук
_gЛариса Николаевна
_955395
_3RU\NLR\auth\7772467
801 0 _aRU
_bRuMoRKP
_c20051220
_grcr
801 1 _aRU
_bРГБ
_c20051220
801 2 _aRU
_bNLR
_c20060303
_grcr
942 _cBOOK
980 _aNB